Integrated mathematics : Course 2

The book is hard to read, does not give good explanantions or examples. Describes how to write a Geom. proof with arrows in sentence structure rather than as a chart to further confuse someone just learning proofs.

Shranjeno v:
Bibliografske podrobnosti
Format: Knjiga
Jezik:Undetermined
Izdano: New York Glencoe/ McGraw- Hill 1996
Teme:
Oznake: Označite
Brez oznak, prvi označite!
Thư viện lưu trữ: Trung tâm Học liệu Trường Đại học Cần Thơ
LEADER 00752nam a2200205Ia 4500
001 CTU_108626
008 210402s9999 xx 000 0 und d
082 |a 510 
082 |b I.61 
245 0 |a Integrated mathematics : 
245 0 |b Course 2 
245 0 |c Bumby, Klutch, Collins, Egbers 
260 |a New York 
260 |b Glencoe/ McGraw- Hill 
260 |c 1996 
520 |a The book is hard to read, does not give good explanantions or examples. Describes how to write a Geom. proof with arrows in sentence structure rather than as a chart to further confuse someone just learning proofs. 
650 |a Mathematics,Mathematics 
650 |x Study and teaching 
904 |i M.Loan 
980 |a Trung tâm Học liệu Trường Đại học Cần Thơ